Taxonomic diversity of angiosperms in Rajshahi region / (Record no. 81872)
[ view plain ]
| 000 -LEADER | |
|---|---|
| fixed length control field | 00949nam a22002417a 4500 |
| 003 - CONTROL NUMBER IDENTIFIER | |
| rucl marc code | BD-RjUL |
| 005 - DATE AND TIME OF LATEST TRANSACTION | |
| control field | 20230909154347.0 |
| 008 - FIXED-LENGTH DATA ELEMENTS--GENERAL INFORMATION | |
| fixed length control field | 230909s2021 bg a|||| m||| 00| 0 eng d |
| 035 ## - SYSTEM CONTROL NUMBER | |
| system control number | (BD-RjUL) |
| 040 ## - CATALOGING SOURCE | |
| Original cataloging agency | BD-RjUL |
| Language of cataloging | eng |
| Transcribing agency | BD-RjUL |
| Modifying agency | BD-RjUL |
| 041 ## - LANGUAGE CODE | |
| Language code of Book | eng |
| 082 ## - DEWEY DECIMAL CLASSIFICATION NUMBER | |
| DDC Edition number | 23 |
| Classification number | 578.0120954924 |
| Author mark and Year | RAT 2021 |
| 100 ## - MAIN ENTRY--PERSONAL NAME | |
| Personal name | Rani, Rony |
| 9 (RLIN) | 8848 |
| 245 10 - TITLE STATEMENT | |
| Title | Taxonomic diversity of angiosperms in Rajshahi region / |
| Statement of responsibility, etc | By Rony, Rani ; |
| Name of Supervisor/Co-Supervisor | Supervisor : A.H.M. Mahbubur Rahman, Co-Supervisor : A.K.M. Rafiul Islam |
| 260 ## - PUBLICATION, DISTRIBUTION, ETC. (IMPRINT) | |
| Place of publication, distribution, etc | Rajshahi : |
| Name of publisher, distributor, etc | Department of Botany, University of Rajshahi, |
| Date of publication, distribution, etc | 2021 |
| 300 ## - PHYSICAL DESCRIPTION | |
| Pagination | xi, 461 leaves : |
| Other physical details | ill, ; |
| Dimensions | 29.cm. |
| 502 ## - DISSERTATION NOTE | |
| Dissertation note | Thesis (Ph. D.) -- Department of Botany, University of Rajshahi, 2021 |
| 504 ## - BIBLIOGRAPHY, ETC. NOTE | |
| Bibliography, etc | References : Leaves 437 - 461 |
| 650 ## - SUBJECT ADDED ENTRY--TOPICAL TERM | |
| Topical term or geographic name as entry element | Taxonomic |
| Form subdivision | Rajshahi |
| Geographic subdivision | Bangladesh |
| 9 (RLIN) | 8849 |
| 700 ## - ADDED ENTRY--SUPERVISOR/CO-SUPERVISOR NAME | |
| Personal name | Rahman, A.H.M. Mahbubur, Supervisor |
| 9 (RLIN) | 8850 |
| Personal name | Islam. A.K.M. Rafiul, Co-Supervisor |
| 9 (RLIN) | 5935 |
| 942 ## - ADDED ENTRY ELEMENTS (KOHA) | |
| Source of classification or shelving scheme | Dewey Decimal Classification |
| Koha item type | Theses |
No items available.